000 00299nam a22001097a 4500
008 230704b xxu||||| |||| 00| 0 eng d
082 _a362.1
_bWHO 1994
245 _aNinth General Programme of Work
_bCovering the Period 1996 -2001
260 _aGeneva
_bWHO
_c1994
300 _aIV,61p
942 _2ddc
_cBK
999 _c3955
_d3955